000 00280nam a22001337a 4500
008 170215b xxu||||| |||| 00| 0 eng d
020 _a9780683306163
041 _aeng
080 _a61
100 _a4
101 _aSHM
245 _aFAMILY MEDICINE
_cRUDY, D.R
942 _2udc
_cBK
999 _c5571
_d5571